Znalci možno konečne prestanú bezúročne úverovať štát

Salvato in:
Dettagli Bibliografici
Autore principale: Harumová, Anna, 1955-
Natura: Capitolo di libro
Lingua:slovacco
Soggetti:
Tags: Aggiungi Tag
Nessun Tag, puoi essere il primo ad aggiungerne!!

MARC

LEADER 00000naa a2200000 4500
001 0259884
005 20240502074116.8
041 0 |a slo 
044 |a SK 
245 1 0 |a Znalci možno konečne prestanú bezúročne úverovať štát  |c Anna Harumová 
610 2 0 |a znalci 
610 2 0 |a úver 
610 2 0 |a súdy 
610 2 0 |a štát 
100 1 |a Harumová, Anna, 1955-